Datum a čas kvízu
29.5
Celkem bodů
Celkový počet nahraných bodů na tomto kvízu bez doplňovacích otázek.
10.
Pořadí na kvízu
Konečné umístění týmu na tomto kvízu.
Zaznamenané odpovědi
| # | Otázka | Odpověď | Body | Výsledky |
|---|---|---|---|---|
| 1. | „Raději bych si ukousl část ko... | A | 1 | |
| 2. | Ministr obrany Spojených států... | Pulp Fiction | 1 | |
| 3. | Na festivalu CinemaCon bylo oz... | Jamie Dornan | 1 | |
| 4. | Britský výrobce nejluxusnějšíc... | Nightingale (slavík) | 0 | |
| 5. | Kteří dva trenéři, již v této... | Zdeněk Moták, Pavel Gross | 1 | |
| 6. | Vítězné téma FB hlasování zahá... | Luděk Marold, bitva u Lipan | 1 | |
| 7. | Přiřaďte jednotlivá města k je... | 1B 2D 3A 4C | 1 | |
| 8. | „Co až budeme nahoře, to teprv... | Homolka a tobolka; Marie Motlová | 0 | |
| 9. | Panorama je služba webové strá... | Dlouhé stráně | 1 | |
| 10. | Na závěr si dáme noční pohled... | Řím | 1 |